[Event "Warsaw YMCA Winter 148th"]
[Site "Warsaw"]
[Date "2015.03.17"]
[Round "11"]
[White "Tomczyk, Ryszard"]
[Black "Jasinowicz, Waclaw"]
[Result "0-1"]
[WhiteElo "1516"]
[BlackElo "1436"]
[PlyCount "84"]
[EventDate "2015.01.07"]
[EventType "tourn"]
[EventRounds "13"]
[EventCountry "POL"]
[SourceTitle "EXT 2019"]
[Source "ChessBase"]
[SourceDate "2018.10.10"]
[SourceVersion "1"]
[SourceVersionDate "2018.10.10"]
[SourceQuality "1"]

1. e4 e5 2. Bc4 Nf6 3. d3 Bc5 4. h3 c6 5. Nf3 d5 6. exd5 cxd5 7. Bb3 0-0 8. 0-0 e4 9. dxe4 dxe4 10. Nh2 h6 11. Bd2 Nc6 12. a3 Nd4 13. Ba2 Bf5 14. Be3 Rc8 15. c3 Ne6 16. Qe2 Qb6 17. Bxc5 Nxc5 18. b4 Nd3 19. Bb3 Rfe8 20. Ra2 e3 21. f3 Nf4 22. Qe1 e2+ 23. Qf2 exf1Q+ 24. Nxf1 Qxf2+ 25. Kxf2 Bxb1 26. Rd2 Rxc3 27. Ba4 Rec8 28. Kg3 N4h5+ 29. Kh2 Rxa3 30. Bd1 Rc1 31. Rd8+ Kh7 32. Be2 Ra2 33. Nd2 Re1 34. Bc4 Rb2 35. Nxb1 Rexb1 36. Bd3+ g6 37. Bxb1 Rxb1 38. Ra8 a6 39. Rc8 Nd5 40. Rc5 Ndf4 41. g4 Rb2+ 42. Kg1 Ng3 0-1

[Event "Warsaw YMCA Winter 148th"]
[Site "Warsaw"]
[Date "2015.03.10"]
[Round "10"]
[White "Tkaczyk, Weronika"]
[Black "Tomczyk, Ryszard"]
[Result "1-0"]
[WhiteElo "1464"]
[BlackElo "1516"]
[PlyCount "67"]
[EventDate "2015.01.07"]
[EventType "tourn"]
[EventRounds "13"]
[EventCountry "POL"]
[SourceTitle "EXT 2019"]
[Source "ChessBase"]
[SourceDate "2018.10.10"]
[SourceVersion "1"]
[SourceVersionDate "2018.10.10"]
[SourceQuality "1"]

1. e4 c5 2. Nf3 d6 3. d4 cxd4 4. Nxd4 Nf6 5. Nc3 g6 6. Be3 Bg7 7. Bc4 Nbd7 8. 0-0 Nc5 9. f3 0-0 10. Nb3 Ncd7 11. Qe2 a6 12. f4 Qc7 13. Bd4 e5 14. fxe5 Nxe5 15. Nd5 Nxd5 16. Bxd5 Be6 17. c3 Nc6 18. Bxg7 Kxg7 19. Qf2 Ne7 20. Qf6+ Kh6 21. Rf4 Qb6+ 22. Kh1 Qf2 23. Rxf2 Ng8 24. Qh4+ Kg7 25. Bxe6 fxe6 26. Rxf8 Rxf8 27. Nd4 Rf6 28. Nf3 h6 29. Rd1 b5 30. Qg4 e5 31. Qd7+ Rf7 32. Qxd6 Rf6 33. Qxe5 Kh8 34. Rd8 1-0

[Event "Warsaw YMCA Winter 148th"]
[Site "Warsaw"]
[Date "2015.02.10"]
[Round "6"]
[White "Kwiek, Janusz"]
[Black "Tomczyk, Ryszard"]
[Result "1/2-1/2"]
[WhiteElo "1591"]
[BlackElo "1516"]
[PlyCount "117"]
[EventDate "2015.01.07"]
[EventType "tourn"]
[EventRounds "13"]
[EventCountry "POL"]
[SourceTitle "EXT 2019"]
[Source "ChessBase"]
[SourceDate "2018.10.10"]
[SourceVersion "1"]
[SourceVersionDate "2018.10.10"]
[SourceQuality "1"]

1. Nf3 Nf6 2. d4 b6 3. g3 Bb7 4. Bg2 g6 5. 0-0 Bg7 6. c4 0-0 7. Nc3 d6 8. Bg5 Nbd7 9. Qd2 Rb8 10. Bh6 e6 11. Bxg7 Kxg7 12. Rad1 a6 13. Rfe1 Ne4 14. Nxe4 Bxe4 15. Ng5 Bxg2 16. Kxg2 h6 17. Nh3 e5 18. f4 f6 19. b4 e4 20. Nf2 f5 21. e3 Nf6 22. d5 Nh7 23. Qd4+ Qf6 24. Qxf6+ Nxf6 25. a4 Rfd8 26. Ra1 Ra8 27. Nd1 Rdb8 28. Nc3 Nd7 29. Kf2 Rb7 30. Reb1 Rab8 31. Ke2 Kf6 32. Kd2 Ke7 33. Kc2 Nf6 34. Kd2 Ng4 35. h4 Nf6 36. Ne2 a5 37. b5 Re8 38. Nd4 Rg8 39. Ne6 h5 40. Kc3 Ng4 41. Re1 Nf6 42. Nd4 Nd7 43. Nc6+ Kf7 44. Red1 Nb8 45. Nd4 Ra7 46. Rab1 Nd7 47. Ne6 Rc8 48. Rdc1 Nf8 49. Nd4 Raa8 50. Rb2 Re8 51. Rcb1 Rad8 52. Nc6 Rd7 53. Kd4 Nh7 54. Kc3 Nf6 55. Nd4 Ng4 56. Re2 Nf6 57. Reb2 Ng4 58. Re2 Nf6 59. Reb2 1/2-1/2

[Event "Warsaw YMCA Winter 148th"]
[Site "Warsaw"]
[Date "2015.01.23"]
[Round "3"]
[White "Tomczyk, Ryszard"]
[Black "Biernacki, Tomasz"]
[Result "1-0"]
[WhiteElo "1516"]
[BlackElo "1253"]
[PlyCount "95"]
[EventDate "2015.01.07"]
[EventType "tourn"]
[EventRounds "13"]
[EventCountry "POL"]
[SourceTitle "EXT 2019"]
[Source "ChessBase"]
[SourceDate "2018.10.10"]
[SourceVersion "1"]
[SourceVersionDate "2018.10.10"]
[SourceQuality "1"]

1. d4 g6 2. c4 Bg7 3. Nc3 Nf6 4. e4 d6 5. h3 0-0 6. Nf3 b6 7. Bd3 c5 8. Bc2 cxd4 9. Nxd4 e5 10. Nf3 Nc6 11. Be3 Ba6 12. b3 Rc8 13. Rc1 Nb4 14. Bb1 Nh5 15. Ne2 Bb7 16. a3 Na6 17. 0-0 Nc5 18. Nd2 Qf6 19. g3 Qe6 20. Kh2 Rc7 21. f3 Bc8 22. g4 Nf4 23. Nxf4 exf4 24. Bxf4 Be5 25. Bg3 Bb2 26. Rc2 Bxa3 27. Ra2 Bb4 28. Qc2 Bxd2 29. Qxd2 Rc6 30. Qd1 a5 31. Rd2 Rd8 32. e5 Ba6 33. Re1 Nxb3 34. Qxb3 Bxc4 35. Qa3 d5 36. Bh4 Ra8 37. Ba2 b5 38. Qe3 b4 39. Qh6 Qe8 40. f4 Bxa2 41. Rxa2 b3 42. Rg2 Rc2 43. e6 Rxg2+ 44. Kxg2 b2 45. e7 Rc8 46. Bf6 Rc2+ 47. Kg3 Rc3+ 48. Bxc3 1-0

[Event "Jastrzebia Gora Fianchetto op"]
[Site "Jastrzebia Gora"]
[Date "2014.??.??"]
[Round "6"]
[White "Serbinowski, Mieczyslaw"]
[Black "Tomczyk, Ryszard"]
[Result "0-1"]
[WhiteElo "1713"]
[BlackElo "1410"]
[PlyCount "83"]
[EventDate "2014.08.31"]
[EventType "swiss"]
[EventRounds "9"]
[EventCountry "POL"]
[SourceTitle "CBM 162 Extra"]
[Source "ChessBase"]
[SourceDate "2014.10.17"]
[SourceVersion "1"]
[SourceVersionDate "2014.10.17"]
[SourceQuality "1"]

1. e4 c5 2. Nf3 d6 3. Bc4 h6 4. d3 Nc6 5. Nc3 a6 6. a4 Bg4 7. Be3 Ne5 8. Nxe5 dxe5 9. Qxg4 Nf6 10. Qe2 e6 11. 0-0 Bd6 12. g3 0-0 13. f4 Rc8 14. fxe5 Bxe5 15. Bf4 Bd4+ 16. Kg2 Nd7 17. Bd6 Re8 18. e5 Qg5 19. Ne4 Qe3 20. Qxe3 Bxe3 21. Rf3 Bd4 22. c3 Bxe5 23. Raf1 f6 24. Bxe5 Nxe5 25. R3f2 Nxc4 26. dxc4 Red8 27. Rd2 b6 28. Rfd1 Rf8 29. Rd6 f5 30. Nf2 e5 31. Rxb6 e4 32. Rd5 e3 33. Nh3 Rfe8 34. Kf1 Rc7 35. Ke2 Kh7 36. Rxf5 Rd7 37. Rd5 Rf7 38. Nf4 g5 39. Rxh6+ Kxh6 40. Rd6+ Kh7 41. Rd5 gxf4 42. gxf4 0-1

[Event "Jastrzebia Gora Fianchetto op"]
[Site "Jastrzebia Gora"]
[Date "2014.??.??"]
[Round "9"]
[White "Tomczyk, Ryszard"]
[Black "Grochol, Kamil"]
[Result "1-0"]
[WhiteElo "1410"]
[BlackElo "1570"]
[PlyCount "39"]
[EventDate "2014.08.31"]
[EventType "swiss"]
[EventRounds "9"]
[EventCountry "POL"]
[SourceTitle "CBM 162 Extra"]
[Source "ChessBase"]
[SourceDate "2014.10.17"]
[SourceVersion "1"]
[SourceVersionDate "2014.10.17"]
[SourceQuality "1"]

1. d4 d5 2. Nf3 Nf6 3. e3 e6 4. c4 c6 5. a3 Nbd7 6. b4 dxc4 7. Bxc4 Nb6 8. Bd3 Be7 9. Bb2 0-0 10. Nc3 h6 11. Qb3 Bd7 12. 0-0 Nbd5 13. Rac1 Nxc3 14. Bxc3 Nd5 15. Bb2 Bf6 16. Bc2 Ne7 17. Qd3 g6 18. Rcd1 Qc7 19. e4 Rad8 20. e5 1-0

[Event "Jastrzebia Gora Fianchetto op"]
[Site "Jastrzebia Gora"]
[Date "2014.??.??"]
[Round "1"]
[White "Tomczyk, Ryszard"]
[Black "Wroblewski, Mieczyslaw"]
[Result "1-0"]
[WhiteElo "1410"]
[BlackElo "1838"]
[PlyCount "118"]
[EventDate "2014.08.31"]
[EventType "swiss"]
[EventRounds "9"]
[EventCountry "POL"]
[SourceTitle "CBM 162 Extra"]
[Source "ChessBase"]
[SourceDate "2014.10.17"]
[SourceVersion "1"]
[SourceVersionDate "2014.10.17"]
[SourceQuality "1"]

1. d4 Nf6 2. c4 e6 3. Nc3 Bb4 4. Bd2 b6 5. a3 Bxc3 6. Bxc3 Bb7 7. e3 d5 8. Nf3 0-0 9. b4 Ne4 10. Bb2 dxc4 11. Bxc4 Nd6 12. Bd3 Nd7 13. 0-0 a5 14. bxa5 Rxa5 15. Re1 Ne4 16. Qc2 Ndf6 17. h3 Qd6 18. Red1 Rc8 19. Nd2 Nxd2 20. Rxd2 Rg5 21. f4 Rh5 22. Rf1 Nd5 23. Re2 c5 24. Qb3 Qc6 25. Bb5 Qd6 26. Rc1 Nf6 27. Bd3 Bd5 28. Qa4 Ra8 29. Qd1 cxd4 30. e4 Qxf4 31. exd5 Rxd5 32. Rc6 Rb8 33. Qc2 Rdd8 34. Qc4 g6 35. Bc1 Qg3 36. Rf2 Kg7 37. Bf4 Qh4 38. Be5 Qxf2+ 39. Kxf2 Rd5 40. Bxd4 Rbd8 41. Ke3 e5 42. Bb2 b5 43. Qb3 Rxd3+ 44. Qxd3 Rxd3+ 45. Kxd3 Nh5 46. Bxe5+ f6 47. Rc7+ Kf8 48. Bd6+ Ke8 49. Rxh7 f5 50. Be5 Kf8 51. g4 fxg4 52. hxg4 Kg8 53. Rb7 g5 54. gxh5 b4 55. Rg7+ Kh8 56. Rxg5+ Kh7 57. axb4 Kh6 58. Bf4 Kh7 59. Rg6 Kh8 1-0

[Event "Warsaw YMCA Summer 127th"]
[Site "Warsaw"]
[Date "2013.08.19"]
[Round "7"]
[White "Olsztynski, Andrzej"]
[Black "Tomczyk, Ryszard"]
[Result "0-1"]
[WhiteElo "1508"]
[BlackElo "1454"]
[PlyCount "40"]
[EventDate "2013.07.05"]
[EventType "tourn"]
[EventRounds "10"]
[EventCountry "POL"]
[SourceTitle "EXT 2014"]
[Source "ChessBase"]
[SourceDate "2013.11.20"]
[SourceVersion "1"]
[SourceVersionDate "2013.11.20"]
[SourceQuality "1"]

1. e4 c5 2. Nf3 d6 3. d4 cxd4 4. Nxd4 Nc6 5. Nc3 Nf6 6. Bg5 e6 7. f4 Be7 8. Nxc6 bxc6 9. Qf3 Bb7 10. 0-0-0 Qc7 11. e5 dxe5 12. fxe5 Qxe5 13. Bf4 Qh5 14. Qf2 0-0 15. Be2 Qf5 16. Rhf1 Nd5 17. Bd3 Qxf4+ 18. Qxf4 Nxf4 19. Rxf4 Bg5 20. Rdf1 e5 0-1

[Event "Warsaw Najdorf Memorial op-B 11th"]
[Site "Warsaw"]
[Date "2013.08.05"]
[Round "1"]
[White "Tomczyk, Ryszard"]
[Black "Janik, Marcin"]
[Result "0-1"]
[WhiteElo "1459"]
[BlackElo "1790"]
[PlyCount "132"]
[EventDate "2013.08.05"]
[EventType "swiss"]
[EventRounds "9"]
[EventCountry "POL"]
[SourceTitle "CBM 155 Extra"]
[Source "ChessBase"]
[SourceDate "2013.08.26"]
[SourceVersion "1"]
[SourceVersionDate "2013.08.26"]
[SourceQuality "1"]

1. e4 c5 2. Nf3 e6 3. d4 cxd4 4. Nxd4 a6 5. Bc4 b5 6. Bb3 Bb7 7. f3 Qh4+ 8. g3 Qh3 9. Qe2 Bd6 10. Rg1 Ne7 11. Be3 Nbc6 12. Nd2 Be5 13. c3 b4 14. Nc4 bxc3 15. bxc3 0-0 16. Qg2 Qxg2 17. Rxg2 Bc7 18. Nxc6 Nxc6 19. 0-0-0 d5 20. exd5 exd5 21. Nb6 Bxb6 22. Bxb6 Ne5 23. Bxd5 Bxd5 24. Rxd5 Nc4 25. Bc5 Rfe8 26. Kc2 Ne3+ 27. Bxe3 Rxe3 28. f4 g6 29. Rgd2 Kg7 30. Ra5 Rc8 31. Ra3 Rc6 32. Rb3 h5 33. Kb2 h4 34. c4 Re4 35. Rc3 Rexc4 36. Rxc4 Rxc4 37. Kb3 Re4 38. Rg2 h3 39. Rd2 Re1 40. Kb4 Rg1 41. a4 Rg2 42. Kc3 Kf6 43. Kd3 Kf5 44. Re2 Rxe2 45. Kxe2 Ke4 46. a5 f5 47. Kf2 Kd4 48. Kf3 Kc4 49. g4 Kb4 50. gxf5 gxf5 51. Kg3 Kxa5 52. Kxh3 Kb5 53. Kg3 a5 54. h4 a4 55. h5 a3 56. Kh4 a2 57. Kg5 a1Q 58. Kxf5 Qg7 59. Ke4 Qh7+ 60. f5 Qxh5 61. Ke5 Qf7 62. f6 Kc6 63. Kf5 Kd6 64. Kg5 Ke6 65. Kg4 Qxf6 66. Kg3 Ke5 0-1

[Event "Warsaw YMCA Summer 127th"]
[Site "Warsaw"]
[Date "2013.07.05"]
[Round "1"]
[White "Bartczak, Hanna"]
[Black "Tomczyk, Ryszard"]
[Result "1-0"]
[WhiteElo "1576"]
[BlackElo "1454"]
[PlyCount "119"]
[EventDate "2013.07.05"]
[EventType "tourn"]
[EventRounds "10"]
[EventCountry "POL"]
[SourceTitle "EXT 2014"]
[Source "ChessBase"]
[SourceDate "2013.11.20"]
[SourceVersion "1"]
[SourceVersionDate "2013.11.20"]
[SourceQuality "1"]

1. d4 Nf6 2. c4 c6 3. Nc3 d6 4. Nf3 e6 5. e4 Be7 6. Be2 0-0 7. 0-0 Nbd7 8. e5 dxe5 9. dxe5 Ne8 10. Ne4 f6 11. exf6 Nexf6 12. Qc2 h6 13. Ng3 Qc7 14. Bxh6 Ne5 15. Nxe5 Qxe5 16. Be3 Bd7 17. Rfd1 Be8 18. Bf3 Bc5 19. Re1 Bf7 20. Bxc5 Qxc5 21. a3 Rfe8 22. b4 Qg5 23. Rad1 Rab8 24. Qc3 Bg6 25. Re5 Qh6 26. Rde1 Bf7 27. Qd4 Rbd8 28. Qxa7 Rd7 29. Qe3 Qh7 30. Ne4 Nxe4 31. Bxe4 Qh4 32. g3 Qh8 33. Bf3 g6 34. Bg4 Rde7 35. Qg5 Qg7 36. h4 Kh7 37. Qf4 Kg8 38. a4 Kh7 39. h5 Kh8 40. hxg6 Qxg6 41. Rh5+ Kg7 42. Rg5 e5 43. Rxg6+ Bxg6 44. Qg5 Rf7 45. Rxe5 Ref8 46. Re7 Rxe7 47. Qxe7+ Rf7 48. Qg5 Rf6 49. Bh5 Kf7 50. Bxg6+ Rxg6 51. Qxg6+ Kxg6 52. Kg2 Kf5 53. Kf3 Ke5 54. g4 b6 55. Ke3 c5 56. f4+ Kd6 57. b5 Ke6 58. Ke4 Kf6 59. Kd5 Ke7 60. Kc6 1-0

[Event "Rowy op 09"]
[Site "Rowy"]
[Date "2012.09.??"]
[Round "6"]
[White "Tomczyk, Ryszard"]
[Black "Kolcz, Jozef"]
[Result "1-0"]
[WhiteElo "1431"]
[BlackElo "1629"]
[PlyCount "96"]
[EventDate "2012.09.??"]
[EventType "swiss"]
[EventRounds "9"]
[EventCountry "POL"]
[SourceTitle "EXT 2014"]
[Source "ChessBase"]
[SourceDate "2013.11.20"]
[SourceVersion "1"]
[SourceVersionDate "2013.11.20"]
[SourceQuality "1"]

1. e4 g6 2. Bc4 e6 3. Nc3 c6 4. d4 a5 5. a3 b5 6. Ba2 Bb7 7. Nf3 Bh6 8. Bxh6 Nxh6 9. Qd2 Ng8 10. Ne2 Qe7 11. 0-0-0 d5 12. exd5 cxd5 13. Rde1 Nd7 14. h3 h6 15. g4 Ngf6 16. Ng3 Nb6 17. Ne5 g5 18. Qd3 Ba6 19. Nc6 Qc7 20. Nxa5 b4 21. Qf3 Qf4+ 22. Qxf4 gxf4 23. Ne2 f3 24. Ng1 bxa3 25. b4 Bc4 26. Nxc4 Nxc4 27. Bxc4 dxc4 28. c3 Nd5 29. Kc2 Kd7 30. Nxf3 a2 31. Ne5+ Kc7 32. Nxc4 Ra4 33. Kb3 Rha8 34. Ra1 R8a6 35. Rhd1 f6 36. Rd2 Kc6 37. Na5+ R6xa5 38. bxa5 Rxa5 39. Rdxa2 Rxa2 40. Rxa2 Nf4 41. h4 Ng2 42. h5 e5 43. Ra6+ Kd5 44. Rxf6 exd4 45. cxd4 Kxd4 46. Rxh6 Ke4 47. Rf6 Ke5 48. g5 Nf4 1-0

[Event "Warsaw-ch opB 65th"]
[Site "Warsaw"]
[Date "2012.06.03"]
[Round "9"]
[White "Tomczyk, Ryszard"]
[Black "Prazmowski, Wlodzimierz"]
[Result "1-0"]
[WhiteElo "1424"]
[BlackElo "1609"]
[PlyCount "137"]
[EventDate "2012.05.26"]
[EventType "swiss"]
[EventRounds "9"]
[EventCountry "POL"]
[SourceTitle "EXT 2014"]
[Source "ChessBase"]
[SourceDate "2013.11.20"]
[SourceVersion "1"]
[SourceVersionDate "2013.11.20"]
[SourceQuality "1"]

1. d4 d5 2. g3 Nf6 3. Bg2 h6 4. Nc3 Bf5 5. Bf4 c6 6. Nf3 Qb6 7. Bc1 e6 8. a3 Na6 9. 0-0 Rc8 10. b4 Nc7 11. Bb2 a5 12. Na4 Qa7 13. c3 b6 14. Ne5 Na8 15. Qb3 Ne4 16. Rfd1 b5 17. Nc5 a4 18. Qa2 Nxc5 19. bxc5 Be7 20. Bc1 f6 21. Nd3 0-0 22. f3 Qd7 23. e4 Bg6 24. Nf4 Bf7 25. Qe2 g5 26. Nd3 Rce8 27. f4 Bd8 28. Rf1 Bg6 29. Bd2 Qg7 30. Nb4 Qd7 31. Rf2 Rf7 32. Raf1 f5 33. e5 g4 34. h3 gxh3 35. Bxh3 h5 36. Rh2 Rg7 37. Kf2 Kf7 38. Bg2 Rh7 39. Rfh1 Reh8 40. Bf3 h4 41. g4 fxg4 42. Bxg4 Qe8 43. Qf3 Be4 44. Qh3 Bxh1 45. Rxh1 Ba5 46. f5 Bxb4 47. cxb4 Nc7 48. f6 Qg8 49. Rg1 Qe8 50. Qd3 Kf8 51. Rh1 Qf7 52. Rh3 Rg8 53. Bd1 Qg6 54. Qxg6 Rxg6 55. Bc2 Rg3 56. Rxg3 hxg3+ 57. Kxg3 Rh1 58. Kf3 Ra1 59. Bg6 Rh1 60. Kg2 Rh8 61. Kf3 Na6 62. Kg4 Nb8 63. Bg5 Nd7 64. Bh5 Kg8 65. Be8 Nb8 66. f7+ Kf8 67. Bd8 Rh1 68. Bc7 Na6 69. Bd6+ 1-0

[Event "Warsaw-ch opB 65th"]
[Site "Warsaw"]
[Date "2012.05.26"]
[Round "1"]
[White "Tomczyk, Ryszard"]
[Black "Milczarek, Robert"]
[Result "0-1"]
[WhiteElo "1424"]
[BlackElo "1836"]
[PlyCount "80"]
[EventDate "2012.05.26"]
[EventType "swiss"]
[EventRounds "9"]
[EventCountry "POL"]
[SourceTitle "EXT 2014"]
[Source "ChessBase"]
[SourceDate "2013.11.20"]
[SourceVersion "1"]
[SourceVersionDate "2013.11.20"]
[SourceQuality "1"]

1. e4 c5 2. Nf3 d6 3. d4 cxd4 4. Nxd4 Nf6 5. Nc3 a6 6. Bc4 e6 7. f3 b5 8. Bb3 Be7 9. Be3 0-0 10. Qd2 Qc7 11. a3 Nc6 12. Nxc6 Qxc6 13. Ne2 Re8 14. 0-0-0 Bb7 15. h4 Qc7 16. Nc3 Bc6 17. Bf4 Red8 18. g4 a5 19. Qe2 a4 20. Ba2 Rab8 21. e5 dxe5 22. Rxd8+ Rxd8 23. Bxe5 Qb7 24. Rh3 b4 25. Nb1 b3 26. cxb3 axb3 27. Nc3 bxa2 28. Nxa2 Bb5 29. Qe1 Qc6+ 30. Nc3 Nd5 31. f4 Nxc3 32. Rxc3 Qd5 33. Kb1 Bd6 34. Qc1 Bxe5 35. fxe5 h6 36. Rc5 Qd3+ 37. Ka1 Ba4 38. Rc4 Bb3 39. h5 Qxc4 40. Kb1 Qxc1+ 0-1

[Event "Warsaw MG-ch 2nd"]
[Site "Warsaw"]
[Date "2012.04.02"]
[Round "11"]
[White "Prazmowski, Wlodzimierz"]
[Black "Tomczyk, Ryszard"]
[Result "1-0"]
[WhiteElo "1604"]
[BlackElo "1439"]
[PlyCount "99"]
[EventDate "2012.01.02"]
[EventType "swiss"]
[EventRounds "11"]
[EventCountry "POL"]
[SourceTitle "EXT 2014"]
[Source "ChessBase"]
[SourceDate "2013.11.20"]
[SourceVersion "1"]
[SourceVersionDate "2013.11.20"]
[SourceQuality "1"]

1. d4 Nf6 2. c4 b6 3. Nc3 Bb7 4. Bg5 e6 5. Qc2 Be7 6. Nf3 h6 7. Bf4 a6 8. e4 d6 9. Bd3 Nfd7 10. b4 Nc6 11. a3 Nf6 12. Rd1 Nh5 13. Be3 Nf6 14. d5 exd5 15. exd5 Na7 16. 0-0 0-0 17. Nd4 Ng4 18. Qe2 Bc8 19. Rde1 Nxe3 20. fxe3 Bh4 21. g3 Bf6 22. Ne4 Be5 23. Nf3 Bh3 24. Rf2 Bg4 25. Qf1 f6 26. Nh4 Qd7 27. Bc2 Rad8 28. Qd3 g5 29. Ng6 Qg7 30. Nxf8 Rxf8 31. c5 b5 32. cxd6 cxd6 33. Bd1 Bh3 34. Bh5 f5 35. Nd2 Nc8 36. Be2 Nb6 37. Rc1 Qb7 38. Bf3 Kg7 39. Rc6 Rc8 40. Qc2 f4 41. Rxc8 Bxc8 42. gxf4 Bf6 43. Bh5 Kh8 44. fxg5 Qxd5 45. Qe4 Qxg5+ 46. Qg2 Qxh5 47. Rxf6 Qd1+ 48. Nf1 Qh5 49. Rf8+ Kh7 50. Qg8# 1-0

[Event "Warsaw YMCA Summer-B 94th"]
[Site "Warsaw"]
[Date "2011.08.24"]
[Round "9"]
[White "Sawicki, Wojciech"]
[Black "Tomczyk, Ryszard"]
[Result "0-1"]
[WhiteElo "1740"]
[BlackElo "1467"]
[PlyCount "103"]
[EventDate "2011.07.27"]
[EventType "tourn"]
[EventRounds "11"]
[EventCountry "POL"]
[SourceTitle "EXT 2019"]
[Source "ChessBase"]
[SourceDate "2018.10.10"]
[SourceVersion "1"]
[SourceVersionDate "2018.10.10"]
[SourceQuality "1"]

1. e4 c5 2. d4 cxd4 3. c3 dxc3 4. Nxc3 g6 5. Qd4 Nf6 6. e5 Nc6 7. Qf4 Nh5 8. Qe4 Qa5 9. Nf3 e6 10. a3 f5 11. exf6 Nxf6 12. Qh4 Nd5 13. Bd2 Bg7 14. Rc1 Nde7 15. Nb5 Qd8 16. Nd6+ Kf8 17. Qf4+ Nf5 18. Ng5 e5 19. Qf3 Ncd4 20. Qd5 Nxd6 21. Qxd6+ Qe7 22. Qd5 h6 23. Bb4 hxg5 24. Bxe7+ Kxe7 25. Bc4 Rf8 26. 0-0 d6 27. Bd3 Rf6 28. Rxc8 Rxc8 29. Qxb7+ Kd8 30. Qxg7 Re6 31. Bxg6 Rc7 32. Qg8+ Kd7 33. Be8+ Rxe8 34. Qxg5 Rc2 35. b4 Ne2+ 36. Kh1 Rec8 37. h4 R2c3 38. Qg4+ Ke7 39. Qxe2 Rxa3 40. f4 Rh8 41. fxe5 Rxh4+ 42. Kg1 Rxb4 43. exd6+ Kxd6 44. Rf6+ Kc5 45. Qe5+ Kc4 46. Rf4+ Kb3 47. Qd5+ Ka4 48. Qc6+ Kb3 49. Rf3+ Ka2 50. Rxa3+ Kxa3 51. Qa6+ Ra4 52. Qd6+ 0-1

[Event "Warsaw YMCA Summer-B 94th"]
[Site "Warsaw"]
[Date "2011.08.12"]
[Round "7"]
[White "Bartczak, Hanna"]
[Black "Tomczyk, Ryszard"]
[Result "1-0"]
[WhiteElo "1661"]
[BlackElo "1467"]
[PlyCount "153"]
[EventDate "2011.07.27"]
[EventType "tourn"]
[EventRounds "11"]
[EventCountry "POL"]
[SourceTitle "EXT 2019"]
[Source "ChessBase"]
[SourceDate "2018.10.10"]
[SourceVersion "1"]
[SourceVersionDate "2018.10.10"]
[SourceQuality "1"]

1. g3 g6 2. Bg2 Bg7 3. d4 d5 4. Nf3 b6 5. c4 Bb7 6. Ne5 Nf6 7. Nc3 0-0 8. 0-0 c6 9. e3 e6 10. b3 Nbd7 11. Ba3 Re8 12. Bd6 Bf8 13. Bxf8 Rxf8 14. Nd3 Qe7 15. e4 dxe4 16. Nxe4 Nxe4 17. Bxe4 Rad8 18. Qf3 Qf6 19. Nb4 Qxf3 20. Bxf3 Rc8 21. Nc2 Rfd8 22. b4 Rc7 23. a4 Nf6 24. a5 b5 25. c5 a6 26. Rad1 Rcd7 27. Rfe1 Nd5 28. h4 Kg7 29. Re5 Re8 30. Rde1 Rde7 31. Bxd5 cxd5 32. R5e2 f6 33. f4 h5 34. Kf2 Bc6 35. Re3 Kf7 36. R1e2 Bd7 37. Ne1 Kf8 38. Nd3 Rf7 39. Kg2 Rfe7 40. Re1 Kf7 41. Rc1 Bc6 42. Kf2 Rg8 43. Rce1 Bd7 44. c6 Bxc6 45. Nc5 Rge8 46. Nxa6 e5 47. fxe5 fxe5 48. Rxe5 Kf6 49. Rxe7 Rxe7 50. Rxe7 Kxe7 51. Nc5 Kf6 52. Ke3 Kf5 53. a6 Kg4 54. Kf2 Kf5 55. Kf3 Kf6 56. Kf4 Ba8 57. a7 Ke7 58. Kg5 Kf7 59. Nd7 Ke7 60. Nb6 Bb7 61. a8Q Bxa8 62. Nxa8 Kf7 63. Nb6 Kg7 64. Nxd5 Kf7 65. Nf4 Ke7 66. Kxg6 Kd6 67. Kxh5 Ke7 68. g4 Kf7 69. g5 Ke7 70. Kh6 Kf7 71. Kh7 Kf8 72. g6 Ke7 73. g7 Kf6 74. g8Q Kf5 75. Qg5+ Ke4 76. Qe5+ Kf3 77. Kg6 1-0

[Event "Warsaw YMCA Summer-B 94th"]
[Site "Warsaw"]
[Date "2011.08.12"]
[Round "6"]
[White "Tomczyk, Ryszard"]
[Black "Sokur, Ivan"]
[Result "0-1"]
[WhiteElo "1467"]
[BlackElo "1485"]
[PlyCount "126"]
[EventDate "2011.07.27"]
[EventType "tourn"]
[EventRounds "11"]
[EventCountry "POL"]
[SourceTitle "EXT 2019"]
[Source "ChessBase"]
[SourceDate "2018.10.10"]
[SourceVersion "1"]
[SourceVersionDate "2018.10.10"]
[SourceQuality "1"]

1. e4 e6 2. d4 d5 3. Nd2 Nf6 4. e5 Nfd7 5. Nb3 c5 6. c3 Nc6 7. Be3 Qb6 8. Rb1 cxd4 9. cxd4 Bb4+ 10. Bd2 Nxd4 11. Bxb4 Qxb4+ 12. Qd2 Qxd2+ 13. Nxd2 Nxe5 14. Ne2 Nd3+ 15. Kd1 Nxf2+ 16. Ke1 Nd3+ 17. Kd1 Nxe2 18. Kxe2 Ne5 19. Ke3 Bd7 20. Be2 Rc8 21. Rhc1 0-0 22. h3 Rxc1 23. Rxc1 Rc8 24. Rb1 Nc4+ 25. Nxc4 dxc4 26. Rc1 b5 27. Bf3 Bc6 28. Rd1 Bxf3 29. Kxf3 g6 30. Rd7 c3 31. bxc3 Rxc3+ 32. Kf4 Ra3 33. Rd2 a5 34. Ke5 Kg7 35. Kd4 Ra4+ 36. Kc5 Rb4 37. Rf2 Rb1 38. Kb6 a4 39. Kc5 a3 40. Kd4 Rb2 41. Rf3 Rxa2 42. Rb3 b4 43. Rxb4 Rd2+ 44. Ke3 Rxg2 45. Kf3 Rb2 46. Ra4 a2 47. h4 Rb3+ 48. Kg4 Rb4+ 49. Rxb4 a1Q 50. Rf4 Qg1+ 51. Kf3 e5 52. Re4 Qh1+ 53. Ke3 Qxe4+ 54. Kxe4 Kf6 55. Kf3 Kf5 56. Kg3 Ke4 57. Kg4 Kd3 58. Kg5 e4 59. Kf6 e3 60. Kxf7 e2 61. Kg7 e1Q 62. Kxh7 Qxh4+ 63. Kxg6 Qf4 0-1

[Event "Warsaw YMCA Summer-B 94th"]
[Site "Warsaw"]
[Date "2011.08.06"]
[Round "1"]
[White "Koziol, Pawel"]
[Black "Tomczyk, Ryszard"]
[Result "1-0"]
[WhiteElo "1804"]
[BlackElo "1467"]
[PlyCount "65"]
[EventDate "2011.07.27"]
[EventType "tourn"]
[EventRounds "11"]
[EventCountry "POL"]
[SourceTitle "EXT 2019"]
[Source "ChessBase"]
[SourceDate "2018.10.10"]
[SourceVersion "1"]
[SourceVersionDate "2018.10.10"]
[SourceQuality "1"]

1. e4 e6 2. d3 g6 3. Nd2 Bg7 4. g3 b6 5. Bg2 Bb7 6. f4 d6 7. Ngf3 Ne7 8. 0-0 Nbc6 9. c3 Qd7 10. a4 e5 11. Qb3 0-0 12. a5 Ba6 13. axb6 Bxd3 14. b7 Rab8 15. Re1 Kh8 16. c4 Bxe4 17. Nxe4 Nf5 18. fxe5 dxe5 19. Nc5 Qd6 20. Na6 Nfd4 21. Nxd4 Nxd4 22. Qd1 Qb6 23. c5 Qb3 24. Nxb8 Rxb8 25. Qxb3 Nxb3 26. Rxa7 Nxc5 27. Ra8 Nd7 28. Rd1 Bf8 29. Rxd7 Bc5+ 30. Kf1 Rf8 31. Bh6 Kg8 32. b8Q f5 33. Qxf8+ 1-0

[Event "Warsaw YMCA Summer-B 94th"]
[Site "Warsaw"]
[Date "2011.07.29"]
[Round "2"]
[White "Tomczyk, Ryszard"]
[Black "Szewczyk, Mariusz"]
[Result "1-0"]
[WhiteElo "1467"]
[BlackElo "1804"]
[PlyCount "85"]
[EventDate "2011.07.27"]
[EventType "tourn"]
[EventRounds "11"]
[EventCountry "POL"]
[SourceTitle "EXT 2019"]
[Source "ChessBase"]
[SourceDate "2018.10.10"]
[SourceVersion "1"]
[SourceVersionDate "2018.10.10"]
[SourceQuality "1"]

1. e4 c5 2. Bc4 e6 3. Nc3 a6 4. a4 Nc6 5. Nf3 Nf6 6. 0-0 d5 7. exd5 exd5 8. Ba2 Be7 9. h3 d4 10. Ne2 0-0 11. d3 Nb4 12. Bb3 Bd7 13. Bf4 Bc6 14. Ne5 Bd5 15. c3 Nc6 16. c4 Nxe5 17. Bxe5 Bc6 18. Qd2 Re8 19. Rae1 Qd7 20. Ng3 Bxa4 21. Bxa4 Qxa4 22. Nf5 Nh5 23. Bxg7 Nxg7 24. Nxe7+ Kh8 25. Qf4 Rad8 26. Qf6 Qd7 27. Qxf7 Rf8 28. Qd5 Qxd5 29. Nxd5 Rde8 30. Nc7 Rxe1 31. Rxe1 Nh5 32. g3 Rf3 33. Re8+ Kg7 34. Ne6+ Kg6 35. Nxc5 Ng7 36. Re7 b6 37. Kg2 Rf5 38. Nxa6 Ra5 39. Nb4 Ra4 40. Nc6 Ra2 41. Re2 Ra8 42. Nxd4 Rd8 43. Nf3 1-0